00337nam a2200133Ia 45000030006000000080041000060400015000471000028000622450063000902500012001532600009001655460012001740050017001860STCL150530s9999 xx 000 0 und d aSTCLcSTCL aChiranjiva Lal Aggarwal aLaw of hundies and negotiable instruments act XXVI of 1881 aSeventh c1954 aEnglish20220125165533.0